<?xml version="1.0" encoding="UTF-8"?>
<collection xmlns="http://www.loc.gov/MARC21/slim">
 <record>
  <leader>01656nam a22002177a 4500</leader>
  <controlfield tag="001">NCT_29650</controlfield>
  <controlfield tag="008">180413b        xxu||||| |||| 00| 0 vie d</controlfield>
  <datafield tag="999" ind1=" " ind2=" ">
   <subfield code="c">1427</subfield>
   <subfield code="d">1427</subfield>
  </datafield>
  <datafield tag="020" ind1=" " ind2=" ">
   <subfield code="c">152000</subfield>
  </datafield>
  <datafield tag="082" ind1="0" ind2="4">
   <subfield code="2">23rd ed.</subfield>
   <subfield code="a">617</subfield>
   <subfield code="b">Đ250</subfield>
  </datafield>
  <datafield tag="100" ind1="1" ind2=" ">
   <subfield code="a">Đặng Hanh Đệ</subfield>
   <subfield code="e">Chủ biên</subfield>
  </datafield>
  <datafield tag="245" ind1="1" ind2="0">
   <subfield code="a">Cấp cứu ngoại khoa</subfield>
   <subfield code="b">: Dùng cho bác sĩ và học viên sau đại học</subfield>
   <subfield code="n">Tập 1</subfield>
   <subfield code="c">Đặng Hanh Đệ (chủ biên)</subfield>
  </datafield>
  <datafield tag="250" ind1=" " ind2=" ">
   <subfield code="a">Tái bản lần thứ 2</subfield>
  </datafield>
  <datafield tag="260" ind1=" " ind2=" ">
   <subfield code="a">h.</subfield>
   <subfield code="b">Giáo dục Việt Nam</subfield>
   <subfield code="c">2015</subfield>
  </datafield>
  <datafield tag="300" ind1=" " ind2=" ">
   <subfield code="a">567 tr.</subfield>
   <subfield code="b">Minh họa</subfield>
   <subfield code="c">27cm</subfield>
  </datafield>
  <datafield tag="500" ind1=" " ind2=" ">
   <subfield code="a">ĐTTS ghi: Bộ Y Tế</subfield>
  </datafield>
  <datafield tag="520" ind1="3" ind2=" ">
   <subfield code="a">Sách có 3 nội dung: - Thần kinh gồm các phần như: tổn thương da đầu do chấn thương, vỡ xương sọ, máu tụ ngoài màng cứng cấp tính, máu tụ dưới màng cứng cấp tính, giập não chảy máu - máu tụ trong não - Lồng ngực - tim mạch gồm các phần như: thái độ xử trí trong chấn thương lồng ngực, vỡ khí - phế quản, thoát vị hoành, tràn khí màng phổi tự phát, các đường mở ngực trong cấp cứu. -  Nhi khoa gồm các phần như: teo thực quản - rò khí thực quản, thoát vị hoành, tắc môn vị và hang vị, tắc ruột sơ sinh.... </subfield>
  </datafield>
  <datafield tag="653" ind1=" " ind2=" ">
   <subfield code="a">Y đa khoa</subfield>
  </datafield>
  <datafield tag="942" ind1=" " ind2=" ">
   <subfield code="2">ddc</subfield>
   <subfield code="c">BK</subfield>
  </datafield>
  <datafield tag="952" ind1=" " ind2=" ">
   <subfield code="0">0</subfield>
   <subfield code="1">0</subfield>
   <subfield code="2">ddc</subfield>
   <subfield code="4">0</subfield>
   <subfield code="6">617_000000000000000_Đ250</subfield>
   <subfield code="7">0</subfield>
   <subfield code="9">6899</subfield>
   <subfield code="a">000001</subfield>
   <subfield code="b">000001</subfield>
   <subfield code="d">2018-04-13</subfield>
   <subfield code="o">617 Đ250</subfield>
   <subfield code="p">MD.10732</subfield>
   <subfield code="r">2018-04-13</subfield>
   <subfield code="v">152000.00</subfield>
   <subfield code="w">2018-04-13</subfield>
   <subfield code="y">BK</subfield>
  </datafield>
  <datafield tag="980" ind1=" " ind2=" ">
   <subfield code="a">Thư viện Trường Đại học Nam Cần Thơ</subfield>
  </datafield>
 </record>
</collection>
